Facultad de Derecho – Universidad Nacional de Mar del Plata

Derecho privado : (Record no. 2558)

MARC details
000 -LEADER
fixed length control field 00956nam a22003015a 4500
001 - CONTROL NUMBER
control field 002669
003 - CONTROL NUMBER IDENTIFIER
control field armpunfd
005 - DATE AND TIME OF LATEST TRANSACTION
control field 20140612090712.0
008 - FIXED-LENGTH DATA ELEMENTS--GENERAL INFORMATION
fixed length control field 130408s2012####ag############000#0#und#d
022 ## - INTERNATIONAL STANDARD SERIAL NUMBER
International Standard Serial Number 2250-7582
040 ## - CATALOGING SOURCE
Original cataloging agency armpunfd
Transcribing agency armpunfd
080 ## - UNIVERSAL DECIMAL CLASSIFICATION NUMBER
Universal Decimal Classification number 347.43 D 444
100 1# - MAIN ENTRY--PERSONAL NAME
Personal name Caramelo, Gustavo.
245 10 - TITLE STATEMENT
Title Derecho privado :
Remainder of title Reforma del Codigo Civil II /
Statement of responsibility, etc Caramelo, Gustavo; Picasso, Sebastian (Directores).
260 ## - PUBLICATION, DISTRIBUTION, ETC. (IMPRINT)
Place of publication, distribution, etc Buenos Aires :
Name of publisher, distributor, etc Ministerio de Justicia y Derechos Humanos de la Nacion,
Date of publication, distribution, etc 2012.
300 ## - PHYSICAL DESCRIPTION
Extent 244 p.
440 #0 - SERIES STATEMENT/ADDED ENTRY--TITLE
Title Derecho Privado ;
Volume number/sequential designation Año 1 Numero 3
650 #7 - SUBJECT ADDED ENTRY--TOPICAL TERM
Topical term or geographic name as entry element daño resarcible
Source of heading or term LEMB
650 #7 - SUBJECT ADDED ENTRY--TOPICAL TERM
Topical term or geographic name as entry element daños al consumidor
Source of heading or term LEMB
650 #7 - SUBJECT ADDED ENTRY--TOPICAL TERM
Topical term or geographic name as entry element obligaciones
Source of heading or term LEMB
650 #7 - SUBJECT ADDED ENTRY--TOPICAL TERM
Topical term or geographic name as entry element relacion causal
Source of heading or term LEMB
650 #7 - SUBJECT ADDED ENTRY--TOPICAL TERM
Topical term or geographic name as entry element responsabilidad profesional
Source of heading or term LEMB
650 #7 - SUBJECT ADDED ENTRY--TOPICAL TERM
Topical term or geographic name as entry element violencia de genero
Source of heading or term LEMB
700 1# - ADDED ENTRY--PERSONAL NAME
Personal name Picasso, Sebastian.
942 ## - ADDED ENTRY ELEMENTS (KOHA)
Koha item type
Source of classification or shelving scheme
945 ## - LOCAL PROCESSING INFORMATION (OCLC)
a sa
d 2013-04-08
945 ## - LOCAL PROCESSING INFORMATION (OCLC)
a sa
d 2013-04-08
Holdings
Withdrawn status Lost status Source of classification or shelving scheme Damaged status Not for loan Home library Current library Shelving location Date acquired Total Checkouts Total Renewals Full call number Barcode Date last seen Date checked out Price effective from Koha item type
          Bib. Derecho Bib. Derecho Sector Prestamo 12/06/2014 4 2 347.43 D 444 202687 18/11/2025 11/11/2025 12/06/2014 LIBRO
          Bib. Derecho Bib. Derecho Sala de Lectura 12/06/2014     347.43 D 444 202690 12/06/2014   12/06/2014 LIBRO

XHTML | CSS | ©Biblioteca Central - Dto. Tecnología de la Información - [ Con tecnología Koha ]